Skill upgrading in developing countries has inward foreign direct investment played a role?

Na minha lista:
Detalhes bibliográficos
Autor principal: Slaughter, Matthew J.
Formato: Livro
Idioma:inglês
Publicado em: Paris OECD 2002
Colecção:Technical papers No. 192
Assuntos:
Tags: Adicionar Tag
Sem tags, seja o primeiro a adicionar uma tag!

MARC

LEADER 00000nam a2200000 4500
001 c142208
005 20221124094814.6
041 0 |a eng 
044 |a FR 
245 1 0 |a Skill upgrading in developing countries  |b has inward foreign direct investment played a role?  |c Matthew J. Slaughter 
264 1 |a Paris  |b OECD  |c 2002 
300 |a 35 s. 
490 1 |a Technical papers  |v No. 192 
830 0 |a Technical papers  |v No. 192 
610 2 0 |a krajiny rozvojové 
610 2 0 |a investície priame zahraničné 
610 2 0 |a podnik multinacionálny 
610 2 0 |a sily pracovné 
610 2 0 |a kvalifikácia 
610 2 0 |a svet 
610 2 0 |a OECD 
100 1 |a Slaughter, Matthew J.